Correspondencia del Obispo de la Puebla al Virrey sobre asuntos pendientes en la Real Audiencia

Detalles Bibliográficos
Formato: Libro
Publicado: Puebla de los Ángeles , 16--
Materias:
Colección:Banco de datos
Acervo:Biblioteca Palafoxiana. Colección de Manuscritos
Descripción Física:2 f. ; 20 x 30.5 cm.
Tema general:Eclesiástica
LEADER 00421nam a22001330004500
035 |a 3204 
245 1 0 |a Correspondencia del Obispo de la Puebla al Virrey sobre asuntos pendientes en la Real Audiencia 
260 |a Puebla de los Ángeles , 16-- 
300 |a 2 f. ; 20 x 30.5 cm. 
650 1 0 |a Eclesiástica 
949 |a R478/091 
942 |c PALAMANU 
943 |g Biblioteca Palafoxiana. Colección de Manuscritos 
999 |c 1071149  |d 1071149